000 01451nam0a2200337 4500
001 RU\NLR\ONL2\1789
005 20250613124353.0
010 _a5-94113-111-9 ("ТаРИХ")
010 _a5-7107-2690-7 ("Дрофа")
010 _a5-7761-0894-2 ("Мэгариф")
_918100
035 _a(NLR Aleph) 009649393
090 _a9570827
_c9570827
100 _a20040122d2003 |||y0rusy50 ca
101 0 _atat
102 _aRU
105 _aa |||||||||
200 1 _aРоссия дэулэте hэм халыклары тарихы
_eГомуми белем бируче уку йорт. очен д-лек
_e7 с-ф
_fА.А.Данилов, Л.Г.Косулина
210 _aКазан
_cМэгариф
_aМ.
_cДрофа
_d2003
215 _a319 б.
_cил., карт.
_d22
541 1 _aИстория государства и народов России
_eXVI-XVIII вв.: Учеб. для 7 кл. общеобразоват. учеб. заведений
_zrus
607 _aРоссия
_xИстория
_z16 - 18 вв.
_92086770
_3RU\NLR\auth\661262915
686 1 _aТ3(2)4 я721
700 1 _aДанилов
_bА. А.
_gАлександр Анатольевич
_4070
701 1 _aКосулина
_bЛ. Г.
_gЛюдмила Геннадьевна
_4070
801 0 _aRU
_bNLR
_c20040122
_gPSBO
852 _aNLR
_bОНЛ
_jТатар./3-12899
942 _cBOOK
980 _aNB
980 _aONL_RF